World Cup Stars - Russia 2018 - Statistics

General Stats
  • This quiz has been taken 20 times
  • The average score is 31 of 36
Answer Stats
Picture Answer % Correct
Cristiano Ronaldo
100%
Iniesta
100%
Kane
100%
Lewandowski
100%
Luis Suárez
100%
Mbappe
100%
Messi
100%
Modric
100%
Salah
100%
Griezmann
95%
James Rodríguez
95%
Müller
95%
Neymar
95%
Sterling
95%
Cavani
90%
De Bruyne
90%
Eriksen
90%
Hazard
90%
Mane
90%
Pogba
90%
Sergio Ramos
90%
Shaqiri
90%
Son
90%
Varane
90%
Agüero
85%
Casemiro
85%
Courtois
85%
Mandzukic
85%
Rakitic
80%
Falcao
70%
Isco
70%
Honda
65%
Vela
55%
Cheryshev
50%
Benatia
45%
Guerrero
25%
No matching quizzes found
Score Distribution
Percent of People with Each Score
Percentile by Number Answered
Your Score History
You have not taken this quiz